| 000 | 01095cab a22002295a 4500 | ||
|---|---|---|---|
| 001 | L148984 | ||
| 008 | 091210e20091205xxk F 000 0 eng d | ||
| 035 | _a(Sirsi) u148984 | ||
| 041 | 0 | _aeng | |
| 100 | 1 | _aOldfield, Alison | |
| 245 | 0 | 0 | _aIf the details are right, the rest follows |
| 260 | _c2009 | ||
| 490 |
_aEstates Gazette _v(0948) 5 December 2009, 94-96 |
||
| 520 | _aValidity of a tenant's defective break notice. "Prudential Assurance Co Ltd v Excel UK Ltd" [2009] EWHC 1350 considers the situation where in a break notice served by two joint tenants only one is mentioned by mistake. With reference to case law concludes that the terms of a break clause will be strictly construed by the courts. (See also L148983) | ||
| 590 | _aKA | ||
| 650 | 2 | 4 | _aMANNAI INVESTMENT CO LTD V EAGLE STAR LIFE ASSURANCE CO LTD UK |
| 650 | 2 | 4 | _aPRUDENTIAL ASSURANCE CO LTD V EXCEL UK LTD |
| 650 | 2 | 4 | _aLEMMERBELL LTD AND ANOTHER V BRITANNIA LAS DIRECT LTD |
| 651 | 4 | _aENGLAND AND WALES | |
| 690 | _aPROPERTY-COMMERCIAL PROPERTY-COMMERCIAL LANDLORD AND TENANT-COMMERCIAL LEASES | ||
| 942 | _n0 | ||
| 999 |
_c82023 _d82023 |
||